|
|
|
|
| LEADER |
00000nam a2200000Ii 4500 |
| 001 |
DIGVIETO189 |
| 003 |
NyNyDIG |
| 007 |
cr ||||||||||| |
| 008 |
211123s2014 sp ab ob 001 0 spa d |
| 006 |
m o d |
| 035 |
|
|
|a (OCoLC)1287826048
|
| 040 |
|
|
|a DGITA
|b eng
|e rda
|e pn
|c DGITA
|
| 020 |
|
|
|z 9788494263873
|
| 041 |
1 |
|
|a spa
|h eng
|
| 050 |
1 |
4 |
|a HX39.5 ebook
|
| 082 |
1 |
4 |
|a 335.40922
|
| 100 |
1 |
|
|a Gabriel, Mary,
|d 1955-
|e author.
|
| 240 |
1 |
0 |
|a Love and capital.
|l Spanish
|s (Sarret)
|
| 245 |
1 |
0 |
|a Amor y capital :
|b Karl y Jenny Marx y el nacimiento de una revolución /
|c Mary Gabriel ; traducción de Josep Sarret.
|
| 264 |
|
1 |
|a [Barcelona, Spain] :
|b El Viejo Topo,
|c [2014]
|
| 300 |
|
|
|a 1 online resource :
|b illustrations, maps.
|
| 336 |
|
|
|a text
|b txt
|2 rdacontent
|
| 337 |
|
|
|a computer
|b c
|2 rdamedia
|
| 338 |
|
|
|a online resource
|b cr
|2 rdacarrier
|
| 347 |
|
|
|a text file
|2 rdaft
|
| 347 |
|
|
|b PDF
|
| 504 |
|
|
|a Includes bibliographical references and index.
|
| 588 |
0 |
|
|a Online resource; title from PDF title page (Digitalia, viewed November 23, 2021)
|
| 600 |
1 |
0 |
|a Marx, Karl,
|d 1818-1883.
|
| 600 |
1 |
0 |
|a Marx, Karl,
|d 1818-1883
|x Family.
|
| 600 |
1 |
0 |
|a Marx, Karl,
|d 1818-1883
|x Friends and associates.
|
| 600 |
1 |
0 |
|a Marx, Jenny,
|d 1814-1881.
|
| 655 |
|
0 |
|a Electronic books.
|
| 700 |
1 |
|
|a Sarret, Josep,
|e translator.
|
| 700 |
1 |
|
|i Translation of:
|a Gabriel, Mary,
|d 1955-
|t Love and capital.
|
| 791 |
2 |
|
|a Digitalia (Firm),
|e distributor.
|
| 793 |
0 |
|
|g Digitalia eBook Collection:
|a El Viejo Topo
|
| 776 |
0 |
8 |
|i Print version:
|a Gabriel, Mary, 1955-
|s Love and capital. Spanish (Sarret).
|t Amor y capital.
|d [Barcelona, Spain] : El Viejo Topo, [2014]
|z 9788494263873
|
| 856 |
4 |
0 |
|3 Digitalia Hispánica
|u https://www.digitaliapublishing.com/a/57573/
|
| 910 |
|
|
|a Premium collection: 2021
|